Το διαμαντένιο Άλφα

Αποθηκεύτηκε σε:
Λεπτομέρειες βιβλιογραφικής εγγραφής
Κύριος συγγραφέας: Πυλορώφ-Προκοπίου, Νόρα
Μορφή: Βιβλίο
Γλώσσα:Greek
Δημοσίευση: Αθήνα : Ψυχογιός, 2015.
Έκδοση:2η έκδοση.
Θέματα:
Ετικέτες: Προσθήκη ετικέτας
Δεν υπάρχουν, Καταχωρήστε ετικέτα πρώτοι!

MARC

LEADER 00000cam a2200000 a 4500
001 1/115607
008 171220m20082015gr | ||| |||| ||gre||
020 |a 9786180109535 
040 |a GR-MyUa  |b gre  |c GR-MyUa  |e AACR2 
041 0 |a gre 
082 7 |a 889.3   |2 (23) 
100 1 |a Πυλορώφ-Προκοπίου, Νόρα. 
245 3 |a Το διαμαντένιο Άλφα /   |c Νόρα Πυλόρωφ.  
250 |a 2η έκδοση.  
260 |a Αθήνα :   |b Ψυχογιός,   |c 2015.  
300 |a 351 σ. ;   |c 22 εκ.  
650 0 |a Greek literature, Modern. 
852 |a INST  |b RHODES  |e 20171220  |h 889.3 ΠΥΛ  |p 005400039724  |q 005400039724  |t BK  |y 0 
970 |z 20-12-2017